7 HABITS OF HIGHLY EFFECTIVE PEOPLE (Record no. 25501)

MARC details
000 -LEADER
fixed length control field 00346nam a2200133Ia 4500
008 - FIXED-LENGTH DATA ELEMENTS--GENERAL INFORMATION
fixed length control field 240624s9999 xx 000 0 und d
041 ## - LANGUAGE CODE
Language code of text/sound track or separate title eng
082 ## - DEWEY DECIMAL CLASSIFICATION NUMBER
Classification number 158 COV
100 ## - MAIN ENTRY--PERSONAL NAME
Personal name COVEY STEPHEN R
245 ## - TITLE STATEMENT
Title 7 HABITS OF HIGHLY EFFECTIVE PEOPLE
260 ## - PUBLICATION, DISTRIBUTION, ETC.
Date of publication, distribution, etc. 2013
Place of publication, distribution, etc. London
Name of publisher, distributor, etc. Simon & Schuster
300 ## - PHYSICAL DESCRIPTION
Extent xxx, , 391p. , 20 : cm.
365 ## - TRADE PRICE
Currency code RS
Price amount 30
Holdings
Withdrawn status Lost status Damaged status Not for loan Home library Current library Shelving location Date acquired Source of acquisition Cost, normal purchase price Total Checkouts Full call number Barcode Date last seen Date last checked out Copy number Price effective from Koha item type
        IMTN IMTN Rack 1-B 11/19/2015 VBC 599.00 3 158 COV 25501 09/09/2025 08/31/2025 1 06/24/2024 Books
Designed & Maintained by: LRC IMT Nagpur Contact: lrc@imtnag.ac.in© 2024. All Rights Reserved.